| 000 | 00524nam a2200133Ia 4500 | ||
|---|---|---|---|
| 008 | 171212s9999 xx 000 0 und d | ||
| 020 | _a9780833042972 | ||
| 100 | _aPirnie, Bruce R.;O'Connell, Edward | ||
| 245 |
_cPirnie, Bruce R.;O'Connell, Edward _aCounterinsurgency in Iraq (2003-2006) _bRAND Counterinsurgency Study--Volume 2 |
||
| 260 |
_bRAND Corporation _c2008 |
||
| 650 | _aPolitical Science | ||
| 650 | _aPostwar reconstruction -- Iraq; Counterinsurgency -- Iraq | ||
| 856 | _uwww.jstor.org/stable/10.7249/mg595-3osd | ||
| 999 |
_c351905 _d351905 |
||